Länder Europas mit dem höchsten HDI - Statistiken

Allgemein
  • Dieses Quiz wurde 82 mal gespielt
  • Das Durchschnittsergebnis liegt bei 14 aus 16
Antwortstatistiken
HDI Land % Korrekt
0.959 Deutschland
100%
0.959 Schweden
100%
0.970 Schweiz
99%
0.962 Dänemark
97%
0.948 Finnland
97%
0.970 Norwegen
96%
0.930 Österreich
96%
0.955 Niederlande
94%
0.951 Belgien
93%
0.972 Island
90%
0.922 Luxemburg
89%
0.946 Vereinigtes Königreich
88%
0.938 Liechtenstein
85%
0.949 Irland
83%
0.931 Slowenien
58%
0.924 Malta
57%
Keine übereinstimmenden Quizze gefunden
Verteilung der Resultate
Anzahl Personen mit jedem Resultat
Perzentil nach korrekt beantworteten Fragen
Ihre Resultats-Entwicklung
Sie haben dieses Quiz noch nicht gespielt